| Поле | Инд. | ПП | Название | Значение |
|---|---|---|---|---|
| Тип записи | a | |||
| Библиографический уровень | m | |||
| 001 | Контрольный номер | RU/LIBMSTU/274790258 | ||
| 005 | Дата корректировки | 20181016161411.4 | ||
| 020 | 00 | a | ISBN | 5-901638-02-6 |
| c | Цена, тираж | 40-00 | ||
| 084 | a | Индекс другой классификации/Индекс ББК | 67.3(2)+67.401.13 | |
| 090 | 00 | a | Полочн. индекс | 67.3 |
| x | Авторский знак | Н 52 | ||
| 245 | 00 | a | Заглавие | Необходимое руководство для агентов Чрезвычайных Комиссий |
| 260 | 00 | a | Место издания | Москва |
| b | Издательство | ЛексЭст | ||
| c | Дата издания | 2001 | ||
| 300 | 00 | a | Объем | 68 с. |
| 440 | 00 | a | Серия | Антология криминалистики |
| 650 | _4 | a | Основная рубрика | Криминалистика-История |
| 650 | _4 | a | Основная рубрика | ВЧК-Документы |
| 653 | 00 | a | Ключевые слова | Всероссийская Чрезвычайная Комиссия |
| a | Ключевые слова | ВЧК | ||
| a | Ключевые слова | История криминалистики | ||
| a | Ключевые слова | Криминалистика | ||
| 901 | t | Тип документа | m | |
| 990 | 00 | f | Даты поступлений (DOS) | 01.03 |